Statistics for MLB Triple Crown Winners (Batting and Pitching.)

Click here to take the quiz!

General Stats

  • This quiz has been taken 14 times
  • The average score is 13 of 15

Answer Stats

HintAnswer% Correct
Retired, a son who is playingCarl Yastrzemski
100%
Part of the 1986 Mets World Champion Team.Dwight Gooden
100%
Currently Playing, Retiring after 2023 season.Miguel Cabrera
100%
Part of the 2001 World Champion Dbacks.Randy Johnson
100%
Won two Triple Crowns with Toronto, in Red Sox Hall of Fame.Rodger Clemens.
100%
Dodger, won Triple Crown in 1965 and 1966.Sandy Koufax
100%
Played for Minnesota, threw a no hitter.Johan Santana
90%
Clevland pitcher, the ace of the staff.Shane Bieber
90%
Saint Louis Legend.Roger Hornsby
80%
A Boston legend, retired.Ted Williams
80%
Played for Philles,Cubs and Red Sox.Jimme Foxx
70%
Another Yankee legend, retiredLou Gehrig
70%
Detroit Legend.Ty Cobb.
70%
Retired, part of 1966 world series champions.Frank Robinson
60%
All time Yankee, retired.Mickey Mantle
60%

Score Distribution

Percentile by Number Answered

Percent of People with Each Score

Your Score History

You have not taken this quiz